Efektívnosť vládnych investícií v strednodobom horizonte
Na minha lista:
| Autor principal: | |
|---|---|
| Outros Autores: | |
| Formato: | Livro |
| Idioma: | eslovaco |
| Publicado em: |
Bratislava
Ústav slovenskej a svetovej ekonomiky SAV
1999
|
| Assuntos: | |
| Tags: |
Sem tags, seja o primeiro a adicionar uma tag!
|
MARC
| LEADER | 00000nam a2200000 4500 | ||
|---|---|---|---|
| 001 | 0122890 | ||
| 005 | 20240111125233.5 | ||
| 041 | 0 | |a slo | |
| 044 | |a SK | ||
| 245 | 1 | 0 | |a Efektívnosť vládnych investícií v strednodobom horizonte |c vedúci úlohy Peter Staněk |
| 264 | 1 | |a Bratislava |b Ústav slovenskej a svetovej ekonomiky SAV |c 1999 | |
| 300 | |a 75 s. | ||
| 610 | 2 | 0 | |a efektívnosť investícií |
| 610 | 2 | 0 | |a investície |
| 100 | 1 | |a Staněk, Peter | |
| 700 | 1 | |a Juríčková, Vilma | |